| 000 | 00373 a2200157 4500 | ||
|---|---|---|---|
| 001 | 191736 | ||
| 020 | _a85-305-0193-4 | ||
| 040 | _cMagnum | ||
| 100 | _aMachado, Ana Maria | ||
| 240 | 1 | 0 |
_aPalavras, palavrinhas e palavrões _lpor |
| 245 | 1 | 0 | _aPalavras, palavrinhas e palavrões |
| 300 | _a46 | ||
| 362 | 0 | _a1998 | |
| 697 | _aLITERATURA INFANTO-JUVENIL | ||
| 942 | _cBK | ||
| 999 |
_c191736 _d191736 |
||